000 01518cad a22002415a 4500
001 E147541
008 090521s2006 xxk f s000 0 eng d
020 _a075596103X
022 1 _a0950-2254
035 _a(Sirsi) u147541
041 0 _aeng
050 0 4 _a711.7 $2 18
110 2 _aHalcrow Group
_94937
245 0 4 _aThe provision of travel plans
_bmapping activity in Scotland
_h[electronic resource]
260 _a[Edinburgh]
_bScottish Executive Social Research
_c2006
505 2 _aExecutive summary -- Chapter one introduction -- Chapter two methodology -- Chapter three travel plans: the concept and process -- Chapter four travel plan policy, guidance and research -- Chapter five review of TRi research -- Chapter six mapping of current activity -- Chapter seven organisational travel plans -- Chapter eight barriers and solutions -- Chapter nine conclusions and recommendations -- Annexes
520 _aDiscusses the results of research into travel plans in Scotland, focusing particularly on local authorities, regional transport partnerships and large employers. Travel plans are a combination of measures, tailored to particular sites, which aim to increase the sustainability of travel options and provide alternatives to car use.
521 _aAdvanced
651 4 _aScotland
_y1999-
690 _aPROPERTY-INFRASTRUCTURE-TRANSPORT INFRASTRUCTURE
856 4 0 _uhttps://www.scotland.gov.uk/Publications/2006/06/16100731/0
_zView the report free of charge at www.scotland.gov.uk...
942 _n0
999 _c109605
_d109605